दि डिझायनर / (Record no. 44880)

MARC details
000 -LEADER
fixed length control field 00978nam a22002417a 4500
005 - DATE AND TIME OF LATEST TRANSACTION
control field 2010083008028.0
010 ## - LCCN (DPL NO)
LC control number MAR-20237
020 ## - INTERNATIONAL STANDARD BOOK NUMBER
Terms of availability 160.00
International Standard Book Number 9788172948160
035 ## - SYSTEM CONTROL NUMBER
System control number MR-12895
037 ## - SOURCE OF ACQUISITION
Source of stock number/acquisition DBAD / PUB
082 ## - DEWEY DECIMAL CLASSIFICATION NUMBER
Classification number 891.463
100 ## - MAIN ENTRY--PERSONAL NAME
Personal name ठकार संजीव
245 ## - TITLE STATEMENT
Title दि डिझायनर /
Statement of responsibility, etc संजीव ठकार
246 ## - VARYING FORM OF TITLE
Title proper/short title The Designer
Remainder of title by Sanjeev Thakar
260 ## - PUBLICATION, DISTRIBUTION, ETC. (IMPRINT)
Place of publication, distribution, etc पुणे
Name of publisher, distributor, etc दिलीप राज प्रकाशन
Date of publication, distribution, etc 2010
270 ## - ADDRESS
Address 251क, शनिवार पेठ,
City पुणे
Postal code 411030
300 ## - PHYSICAL DESCRIPTION
Extent 168पृ
Dimensions 21सेमी (अजिल्द)
650 ## - SUBJECT ADDED ENTRY--TOPICAL TERM
Topical term or geographic name as entry element मराठी कादंबरी
650 ## - SUBJECT ADDED ENTRY--TOPICAL TERM
Topical term or geographic name as entry element Marathi Fiction
700 ## - ADDED ENTRY--PERSONAL NAME
9 (RLIN) 17934
942 ## - ADDED ENTRY ELEMENTS (KOHA)
Source of classification or shelving scheme Dewey Decimal Classification
Item type Marathi Books
Call number suffix ठकार
Classification part 891.463
Holdings
Withdrawn status Lost status Not for loan Collection code Home library Current library Date acquired Source of acquisition Cost, normal purchase price Full call number Barcode Copy number Cost, replacement price Koha item type
    Not For Loan Fiction D.B.Act.Division D.B.Act.Division 09/09/2010 DBAD / PUB 160.00 891.463 ठकार MR-12895 1 160.00 Marathi Books

© Delhi Public Library
Hit Counter
free hit counter